<?xml version="1.0" encoding="UTF-8"?>
<marc:record xmlns:marc="http://www.loc.gov/MARC21/slim">
   <marc:leader>00000nam a2200000 a 4500</marc:leader>
   <marc:datafield ind1="1" ind2=" " tag="100">
      <marc:subfield code="a">Shipman, Viola</marc:subfield>
      <marc:subfield code="4">aut</marc:subfield>
      <marc:subfield code="e">Verfasser/-in</marc:subfield>
   </marc:datafield>
   <marc:datafield ind1=" " ind2=" " tag="653">
      <marc:subfield code="a">Fiktionale Darstellung</marc:subfield>
   </marc:datafield>
   <marc:datafield ind1=" " ind2=" " tag="653">
      <marc:subfield code="a">Erzählende Literatur: Gegenwartsliteratur ab 1945</marc:subfield>
   </marc:datafield>
   <marc:datafield ind1="0" ind2="0" tag="245">
      <marc:subfield code="a">Vier Frauen und ein See</marc:subfield>
   </marc:datafield>
   <marc:datafield ind1="0" ind2="0" tag="245">
      <marc:subfield code="b">Roman</marc:subfield>
   </marc:datafield>
   <marc:datafield ind1="0" ind2="0" tag="245">
      <marc:subfield code="c">Shipman, Viola</marc:subfield>
   </marc:datafield>
   <marc:datafield ind1=" " ind2="1" tag="264">
      <marc:subfield code="a">Frankfurt am Main</marc:subfield>
      <marc:subfield code="b">Fischer Krüger</marc:subfield>
      <marc:subfield code="c">2022</marc:subfield>
   </marc:datafield>
   <marc:datafield ind1=" " ind2=" " tag="250">
      <marc:subfield code="a">Deutsche Erstausgabe</marc:subfield>
   </marc:datafield>
   <marc:datafield ind1="1" ind2=" " tag="520">
      <marc:subfield code="a">Angaben aus der Verlagsmeldung &#xD;
&#xD;
 Shipman, Vier Frauen und ein See  Clover Girls  Shipman, Shipman, Vier Frauen und ein See  / von Viola Shipman&#xD;
&#xD;
&#xD;
            &#xD;
Der neue Feelgood-Roman von Viola Shipman bringt das Lebensgefühl der achtziger Jahre zurück und erinnert uns an die Sommer, die uns zu denen machten, die wir sind. &#xD;
&#xD;
            &#xD;
            &#xD;
Elizabeth, Veronica, Rachel und Emily lernten sich im Feriencamp kennen, wo sie vier Sommer lang die Clover Girls waren - unzertrennlich für diese magischen Wochen der Freiheit. Bis kleine Intrigen und ein großer Verrat das Kleeblatt auseinander riss. Jetzt, in mittlerem Alter, kämpfen die Frauen mit ihren Ehen, ihren Kindern und ihren Karrieren, als Liz, V und Rachel plötzlich jeweils einen Brief von Emily erhalten. Sie bittet die drei, die einst ihre besten Freundinnen waren, noch ein Mal im Camp Birchwood am Lake Michigan zusammenzukommen.  Eine Woche, um sich an die Mädchenträume von damals zu erinnern und alte Wunden zu heilen. Werden sie sich überhaupt noch etwas zu sagen haben? Eine Woche Auszeit vom eigenen erwachsenen Leben erscheint doch ganz schön lang. Was hat Emily sich dabei nur gedacht? </marc:subfield>
   </marc:datafield>
   <marc:datafield ind1=" " ind2=" " tag="020">
      <marc:subfield code="a">9783810530851</marc:subfield>
      <marc:subfield code="9">9783810530851</marc:subfield>
   </marc:datafield>
   <marc:datafield ind1=" " ind2=" " tag="020">
      <marc:subfield code="a">3810530859</marc:subfield>
      <marc:subfield code="9">3810530859</marc:subfield>
   </marc:datafield>
   <marc:datafield ind1=" " ind2=" " tag="041">
      <marc:subfield code="a">ger</marc:subfield>
   </marc:datafield>
   <marc:datafield ind1=" " ind2=" " tag="338">
      <marc:subfield code="a">Band</marc:subfield>
   </marc:datafield>
   <marc:datafield ind1=" " ind2=" " tag="300">
      <marc:subfield code="a">415 Seiten</marc:subfield>
   </marc:datafield>
</marc:record>
